| 000 | 00414nam a2200157Ia 4500 | ||
|---|---|---|---|
| 999 |
_c10846 _d10846 |
||
| 008 | 191201s2011 xx 000 0 und d | ||
| 082 |
_a512.94 _bDHP |
||
| 100 | _aDHAONCHAK, Poonam K. | ||
| 245 | 0 | _aPartial Differential Equations | |
| 250 | _a18th Rev Ed | ||
| 260 |
_aNew delhi _bJeevansons Pub. _c2020 |
||
| 300 | _aMisc | ||
| 650 | _aMathematics | ||
| 700 | _aKUMARI, Meena and others | ||
| 942 |
_2ddc _cBK _05 |
||